Countries, US States, Capitals, Elements, 100 Most Common Words: 1 type of Vowel Only - Statistics

General Stats
  • This quiz has been taken 1,103 times
  • The average score is 40 of 60
Answer Stats
ANSWER % Correct
A{l}a{b}a{m}a
93%
{F}i{j}i
91%
A{l}a{sk}a
87%
{T}o{g}o
86%
{M}i{ss}i{ss}i{pp}i
85%
O{sl}o
85%
{P}a{n}a{m}a
84%
{T}e{nn}e{ss}ee
83%
{C}a{n}a{d}a
82%
{Gr}ee{c}e
79%
{K}o{s}o{v}o
79%
A{ccr}a
78%
A{st}a{n}a
77%
{J}a{p}a{n}
77%
{S}a{n}a{'}a
77%
A{nk}a{r}a
76%
{M}o{r}o{cc}o
76%
A{rk}a{ns}a{s}
75%
A{mm}a{n}
73%
{Gh}a{n}a
73%
{S}ee
73%
{D}i{l}i
72%
E{v}e{n}
72%
{H}a{v}a{n}a
72%
{B}a{h}a{m}a{s}
71%
{L}o{nd}o{n}
71%
{R}a{b}a{t}
71%
{B}o{r}o{n}
70%
{M}a{n}a{m}a
70%
{D}a{k}a{r}
69%
{Q}a{t}a{r}
69%
{Dh}a{k}a
68%
{J}a{k}a{rt}a
68%
{L}oo{k}
68%
A{sm}a{r}a
66%
{K}a{ns}a{s}
66%
{C}o{m}o{r}o{s}
65%
{M}a{d}a{g}a{sc}a{r}
64%
{C}a{r}a{c}a{s}
63%
{M}a{lt}a
62%
{Sw}e{d}e{n}
60%
{Th}e{r}e
60%
{M}o{sc}o{w}
58%
{G}oo{d}
57%
{Th}e{s}e
56%
A{tl}a{nt}a
55%
{B}o{st}o{n}
55%
{K}a{z}a{khst}a{n}
54%
A{shg}a{b}a{t}
53%
{B}a{ghd}a{d}
52%
{K}a{mp}a{l}a
49%
{Rw}a{nd}a
49%
{Tb}i{l}i{s}i
49%
{D}e{nv}e{r}
46%
{St}o{ckh}o{lm}
46%
{W}a{rs}a{w}
45%
{P}o{rt}o{-N}o{v}o
44%
{L}a {P}a{z}
43%
{S}u{lf}u{r}
39%
{C}o{nc}o{rd}
31%
No matching quizzes found
Score Distribution
Percent of People with Each Score
Percentile by Number Answered
Your Score History
You have not taken this quiz